000 01248nam a2200313 a 4500
001 ebr10650074
003 CaPaEBR
006 m u
007 cr cn|||||||||
008 130208s2007 enka sb 001 0 eng d
020 _z9781874719731
020 _z9781909493681 (e-book)
040 _aCaPaEBR
_cCaPaEBR
035 _a(OCoLC)828743155
050 1 4 _aHF1106
_b.C37 2007eb
245 0 0 _aCases, simulations and experiential approaches
_h[electronic resource] /
_cedited by Chris Galea.
260 _aSheffield :
_bGreenleaf Pub.,
_c2007.
300 _a208 p. :
_bill.
490 0 _aTeaching business sustainability ;
_vv. 2
504 _aIncludes bibliographical references and index.
533 _aElectronic reproduction.
_bPalo Alto, Calif. :
_cebrary,
_d2013.
_nAvailable via World Wide Web.
_nAccess may be limited to ebrary affiliated libraries.
650 0 _aBusiness education.
650 0 _aSustainable development
_xStudy and teaching.
650 0 _aBusiness ethics
_xStudy and teaching.
655 7 _aElectronic books.
_2local
700 1 _aGalea, Chris.
710 2 _aebrary, Inc.
856 4 0 _uhttp://site.ebrary.com/lib/rucke/Doc?id=10650074
_zAn electronic book accessible through the World Wide Web; click to view
999 _c74666
_d74666